Kĩ thuật 11: Trồng trọt

Gardado en:
Detalles Bibliográficos
Autor Principal: Vũ Hoài
Formato: Libro
Idioma:Undetermined
Publicado: Hà Nội Giáo Dục 1997
Các nhãn: Engadir etiqueta
Sen Etiquetas, Sexa o primeiro en etiquetar este rexistro!
Thư viện lưu trữ: Trung tâm Học liệu Trường Đại học Cần Thơ
LEADER 00440nam a2200157Ia 4500
001 CTU_22259
008 210402s9999 xx 000 0 und d
082 |a 372.35 
082 |b H103/L11 
100 |a Vũ Hoài 
245 0 |a Kĩ thuật 11: Trồng trọt 
245 0 |c Vũ Hoài, Trần Kim Ngọc 
260 |a Hà Nội 
260 |b Giáo Dục 
260 |c 1997 
980 |a Trung tâm Học liệu Trường Đại học Cần Thơ